Role automatického digitálního spřáhla

Nasadenie automatického digitálneho spriahadla posilní pozíciu železničnej nákladnej dopravy na prepravnom trhu v súlade s politikou dopravy Európskej Únie. Ide o zvýšenie stupňa digitalizácie na európskych železniciach. Zvýšenie konkurencieschopnosti železníc.

Saved in:
Bibliographic Details
Main Author: Cempírek, Václav
Format: Book Chapter
Language:Czech
Subjects:
Tags: Add Tag
No Tags, Be the first to tag this record!

MARC

LEADER 00000naa a2200000 4500
001 0283148
005 20240417075202.0
041 0 |a cze 
044 |a CZ 
245 1 0 |a Role automatického digitálního spřáhla  |c Václav Cempírek 
520 |a Nasadenie automatického digitálneho spriahadla posilní pozíciu železničnej nákladnej dopravy na prepravnom trhu v súlade s politikou dopravy Európskej Únie. Ide o zvýšenie stupňa digitalizácie na európskych železniciach. Zvýšenie konkurencieschopnosti železníc. 
610 2 0 |a doprava železničná 
610 2 0 |a doprava železničná nákladná 
610 2 0 |a Európska únia 
610 2 0 |a trh dopravný 
610 2 0 |a digitalizácia 
100 1 |a Cempírek, Václav